000 00619nam a2200241Ia 4500
005 20260430150535.0
008 008 250103s9999 xx 000 0 eng d
037 _aTheses
040 _aCRL
040 _beng
040 _ceng
041 _2eng
041 _aeng
084 _qCRL
100 _aMavi (Sneha Au.; Bishnoi Anuj Gu.
_91237797
245 0 _aOn Key and Abstract Key Polynomials
260 _c2024
300 _a107p.
650 _aMathematics
700 _aUniversity of Delhi. Faculty of Mathematical Sciences . Deptt. of Mathematics
_91237798
942 _cTH
999 _c1850029
_d1850029